00890nam a2200253Ia 450000500170000000800410001702000150005810000380007324500650011125000190017630000530019549000140024865000520026265000520031465000330036665000360039965000380043526400290047333600270050233700330052933800280056204000350059008400110062520220317001244.0160825s2000 ck a g 000 0 spa  a95807034931 aGarcía Mejía, Hernandod1940-10aOjitos borradores y otros cuentoscHernando García Mejía a1a. edición  a177 páginas bilustraciones y dibujos c18 cm  aJuveniles142LEMBaCuentos infantiles colombianos ySiglo XX142LEMBaLiteratura infantil colombiana ySiglo XX142LEMBaMagia en la literatura142LEMBaAnimales en la literatura142LEMB aAventuras en la literatura aMedellínbEdiluxc2000 atextobtxt2rdacontent asin mediaciónbn2rdamedia avolumenbnc2rdacarrier aCO-BoRNBPbspaerdacCO-BoRNBP aC GAR6